Lakes Quiz- US - Statistics

General Stats
  • This quiz has been taken 11 times
  • The average score is 12 of 25
Answer Stats
Clue Lake % Correct
3) Cleveland sits on the shores of this lake Erie
100%
2) The largest lake located entirelyin the US border Michigan
100%
1) Largest freshwater lake in theworld by surface area Superior
100%
19) Large saline lake in Utah on which the capital of thesame name lies Great Salt Lake
91%
5) Fort Gratiot lighthouse sits on the shores of this Greatlake in eastern Michigan Huron
91%
4) Shares a name with the Canadian provinceit borders Ontario
91%
6) Popular tourist lake on the border of Californiaand Nevada Tahoe
82%
23) Group of long, narrow lakes in central New York state Finger
73%
14) Large lake on the border of upstate NY and Vermontextending into Canada Champlain
64%
11) Volcanic lake in Oregon known for its clear blue watersand remote wilderness Crater
64%
22) Largest lake in a Wyoming national park of the same name.It sits at over 7000 ft Yellowstone
64%
10) Reservoir formed by the Hoover Dam in NW Arizonafed by the Colorado River Mead
55%
8) Largest freshwater lake in Florida Okeechobee
55%
7) Remote lake on the northern Minnesota borderwith Canada Lake of the Woods
36%
9) Large estuary lake on the north side of New Orleans Pontchartrain
36%
12) Large saline lake on the San Andreas Fault in southernCalifornia Salton
36%
21) This popular lake in western Arizona has many resorts andalso the London Bridge Havasu
27%
16) Large glacial lake in NW Montana known for its clearwaters and scenery Flathead
18%
20) Popular vacation reservoir on the Utah-Arizona borderbounded by the Colorado River Powell
18%
18) Popular resort reservoir created by the Osage Riverin central Missouri Lake of the Ozarks
9%
24) Largest lake in Maine in the rural NW part of the state Moosehead
9%
13) Popular reservoir on the Colorado River outside of Austin, TX Travis
9%
15) Large lake in far east TX near the border with Louisiana.Port Arthur borders the lake Sabine
0%
17) Large freshwater lake adjacent to Seattle Washington
0%
25) Popular summer vacation lake in central New Hampshire Winnipesaukee
0%
No matching quizzes found
Score Distribution
Percent of People with Each Score
Percentile by Number Answered
Your Score History
You have not taken this quiz